000
00161nam a2200085 4500
001
1256021
005
20251218101525.0
245
_a
aSDAD
_c
asdASD
260
_b
asdASD
999
_c
1256021
_d
1256021